| 000 | 00574nam a22001817a 4500 | ||
|---|---|---|---|
| 999 |
_c175111 _d175111 |
||
| 005 | 20200807120752.0 | ||
| 010 | _aENG-128325 | ||
| 020 |
_c620.00 _a9789352838257 |
||
| 035 | _aEN-111857 | ||
| 037 | _bDBAD/PUB | ||
| 082 | _a381 | ||
| 100 | _aGupta,C.B | ||
| 245 |
_aISC Commerce volume-II for Class XII _cby C.B. Gupta |
||
| 260 |
_aNew Delhi _bS.Chand _c2020 |
||
| 270 |
_aHead Office:7361,Ram Nagar,Qutab Rord _bNew Delhi _e110055 _k23672080 _l91-11-23677446 _minfo@schandpublishing.com |
||
| 300 |
_axv;424p. _c24cm(pbk) |
||
| 942 |
_2ddc _cEN _h381 _mGUP |
||